<?xml version="1.0" encoding="UTF-8"?>
<marc:record xmlns:marc="http://www.loc.gov/MARC21/slim">
   <marc:leader>00000nam a2200000 a 4500</marc:leader>
   <marc:datafield ind1="1" ind2=" " tag="100">
      <marc:subfield code="a">Mukherjee, Siddhartha</marc:subfield>
      <marc:subfield code="4">aut</marc:subfield>
      <marc:subfield code="e">Verfasser/-in</marc:subfield>
   </marc:datafield>
   <marc:datafield ind1=" " ind2=" " tag="653">
      <marc:subfield code="a">Gene</marc:subfield>
   </marc:datafield>
   <marc:datafield ind1=" " ind2=" " tag="653">
      <marc:subfield code="a">Genetik</marc:subfield>
   </marc:datafield>
   <marc:datafield ind1=" " ind2=" " tag="653">
      <marc:subfield code="a">Erbkrankheit</marc:subfield>
   </marc:datafield>
   <marc:datafield ind1="0" ind2="0" tag="245">
      <marc:subfield code="a">Das Gen</marc:subfield>
   </marc:datafield>
   <marc:datafield ind1="0" ind2="0" tag="245">
      <marc:subfield code="b">eine sehr persönliche Geschichte</marc:subfield>
   </marc:datafield>
   <marc:datafield ind1="0" ind2="0" tag="245">
      <marc:subfield code="c">Mukherjee, Siddhartha</marc:subfield>
   </marc:datafield>
   <marc:datafield ind1=" " ind2="1" tag="264">
      <marc:subfield code="a">Frankfurt am Main</marc:subfield>
      <marc:subfield code="b">S. FISCHER</marc:subfield>
      <marc:subfield code="c">2017</marc:subfield>
   </marc:datafield>
   <marc:datafield ind1=" " ind2=" " tag="250">
      <marc:subfield code="a">1. Auflage</marc:subfield>
   </marc:datafield>
   <marc:datafield ind1="1" ind2=" " tag="520">
      <marc:subfield code="a">Großartig, fesselnd und folgenreich: Pulitzer-Preisträger Siddhartha Mukherjee erzählt meisterhaft die Geschichte der Entzifferung des Mastercodes, der unser Menschsein bestimmt. Als Siddhartha Mukherjee seinen Bestseller Der König aller Krankheiten beendet hatte, machte er sich auf eine Reise in die indische Heimat. Er besucht Cousin Moni, der an Schizophrenie leidet  wie auffällig viele seiner Verwandten. Fasziniert beginnt Mukherjee sich mit der Geschichte der Gene zu beschäftigen: Von den Erbsenkreuzungen Mendels bis zur neuesten Gen-Bearbeitungs-Methode CRISPR schreibt Mukherjee den spannenden Roman einer wissenschaftlichen Suche und verwebt ihn mit der Geschichte seiner Familie. Das große Buch eines begnadeten Erzählers und Arztes, das gewaltige Panorama einer machtvollen Entdeckung, die man nun endlich versteht. Packend und einzigartig.»Wer wissen will, was es bedeutet, Mensch zu sein, sollte dieses Buch lesen.« Boston Globe»Lesen Sie dieses Buch, so werden Sie auf die Zukunft bestens vorbereitet sein. « Sunday Times »Meisterhaft aufgebaut, wunderbar erzählt [] Mukherjee ist ein Genie darin, zutiefst menschliche Geschichten hinter abstrakten Ideen zu entdecken.« Andrew Solomon, Washington Post »Eine inspirierende und ungemein bewegende Lektüre.« San Francisco ChronicleAus dem Inhalt: PROLOG Familien 13 // TEIL I Die »fehlende Vererbungslehre« / Die Entdeckung und Wiederentdeckung der Gene (1865-1935) 31 / TEIL 2 »In der Summe der Teile gibt es nur die Teile« / Die Entschlüsselung der Vererbungsmechanismen (1930-1970) 125 / TEIL 3 »DieTräume der Genetiker« / Gensequenzierung und Klonieren (1970-2001) 273 / TEIL 4 »Der Mensch ist erstes Ziel der Wissenschaft« / Humangenetik (1970-2005) 341 / TEIL 5 Hinter den Spiegeln / Die Genetik der Identität und »Normalität« (2001-2015) 437 / TEIL 6 Post-Genom / Die Genetik des Schicksals und der Zukunft (2015- ) 553 // EPILOG Bheda, Abheda 643 // Danksagung 657 / Glossar 660 / Chronologie 664 / Anmerkungen 666 / Bibliographie 717 / Register 747</marc:subfield>
   </marc:datafield>
   <marc:datafield ind1=" " ind2=" " tag="020">
      <marc:subfield code="a">9783100022714</marc:subfield>
      <marc:subfield code="9">9783100022714</marc:subfield>
   </marc:datafield>
   <marc:datafield ind1=" " ind2=" " tag="020">
      <marc:subfield code="a">3100022718</marc:subfield>
      <marc:subfield code="9">3100022718</marc:subfield>
   </marc:datafield>
   <marc:datafield ind1=" " ind2=" " tag="041">
      <marc:subfield code="a">ger</marc:subfield>
   </marc:datafield>
   <marc:datafield ind1=" " ind2=" " tag="338">
      <marc:subfield code="a">Band</marc:subfield>
   </marc:datafield>
   <marc:datafield ind1=" " ind2=" " tag="300">
      <marc:subfield code="a">766 Seiten : Illustr</marc:subfield>
   </marc:datafield>
</marc:record>
